=LDR 00000nam 2200000 4500 =001 NUTBA000000000000384 =005 20140321162726.0 =006 =007 =008 =035 ##$$a 0010-031400000000383 =040 ##$$b Ind =090 ##$$a 92(kartin) $bSaf $cr =100 ##$$a Safwan, Mardanas =245 ##$$a R.A Kartini =260 ##$$a JakartaMutiara sumber widia $c2001 =300 ##$$a 65hlm $c21 cm =650 ##$$a Biografi =850 ##$$a NBPNMAT =990 ##$$a 20403462 =990 ##$$a 91070/BPAP-NTB/2014